Franzosen aktuell in der Bundesliga - Statistiken

Allgemein
  • Dieses Quiz wurde 42 mal gespielt
  • Das Durchschnittsergebnis liegt bei 7 aus 25
Antwortstatistiken
Hint Antwort % Korrekt
Bayern Upamecano
94%
Bayern Olise
88%
Hamburg Dompé
50%
Gladbach Honorat
44%
Leverkusen Terrier
44%
Frankfurt Bahoya
38%
Augsburg Claude-Maurice
38%
Leipzig Bitshiabu
32%
Frankfurt Kalimuendo
32%
Leipzig Lukeba
32%
Leverkusen Badé
24%
Wolfsburg Belocian
24%
Augsburg Matsima
21%
Stuttgart Zagadou
21%
Mainz Caci
18%
Leipzig Gomis
15%
Hamburg Mikelbrencis
15%
Stuttgart Assignon
12%
Augsburg Massengo
12%
Leverkusen Tape
12%
Wolfsburg Kumbedi
9%
Freiburg Makengo
9%
Union Berlin Nsoki
9%
Hamburg Philippe
9%
Hoffenheim Gendrey
6%
Keine übereinstimmenden Quizze gefunden
Verteilung der Resultate
Anzahl Personen mit jedem Resultat
Perzentil nach korrekt beantworteten Fragen
Ihre Resultats-Entwicklung
Sie haben dieses Quiz noch nicht gespielt